000 00678nam a22002297a 4500
003 OSt
005 20251105092521.0
008 251105b |||||||| |||| 00| 0 eng d
020 _a3-13-142381-1.
040 _aDWCL Main lib
_cOC
082 _2Intl. ed.
_aGR. 616.07 S582c 2006
100 _aSilbernagl, Stefan
245 _aColor atlas of pathophysiology/
_cStefan Silbernagl
250 _aIntl. ed.
260 _aGermany :
_b Thieme,
_cc2006.
300 _ax, 406 p.
_b: col. ill.
_c; 19 cm.
504 _aIncludes index.
650 _a1. Pathology-Atlases.
650 _a2. Physiology-Atlases.
700 _aLang, Florian
942 _2ddc
_cGR
_eIntl. ed.
_hGR.
_n0
999 _c5506
_d5506